Research Methodology: methods and techniques / (Record no. 3465)

000 -LEADER
fixed length control field 00668nam a2200229Ia 4500
008 - FIXED-LENGTH DATA ELEMENTS--GENERAL INFORMATION
fixed length control field 251022t2024||||ii |||||||||||||| ||eng||
020 ## - INTERNATIONAL STANDARD BOOK NUMBER
International Standard Book Number 9789389802559
Terms of availability Rs. 499.00
040 ## - CATALOGING SOURCE
Original cataloging agency IMU Kochi Library
Language of cataloging eng
041 0# - LANGUAGE CODE
Language code of text/sound track or separate title eng
044 ## - COUNTRY OF PUBLISHING/PRODUCING ENTITY CODE
MARC country code India
082 04 - DEWEY DECIMAL CLASSIFICATION NUMBER
Classification number 001.42
Item number K8486
Edition number 23
100 1# - MAIN ENTRY--PERSONAL NAME
Personal name Kothari, C. R.
245 10 - TITLE STATEMENT
Title Research Methodology: methods and techniques /
250 ## - EDITION STATEMENT
Edition statement 5th ed.
260 ## - PUBLICATION, DISTRIBUTION, ETC. (IMPRINT)
Place of publication, distribution, etc New Delhi :
Name of publisher, distributor, etc New Age International Publishers,
Date of publication, distribution, etc 2024
300 ## - PHYSICAL DESCRIPTION
Extent xix, 464 p.
Other physical details : col. ill.
Dimensions ; 24 cm.
650 #0 - SUBJECT ADDED ENTRY--TOPICAL TERM
Topical term or geographic name as entry element Research
General subdivision Methodology
Form subdivision Textbooks
700 1# - ADDED ENTRY--PERSONAL NAME
Personal name Garg, Gaurav
Relator term Joint Author
852 ## - LOCATION/CALL NUMBER
Location IMU Kochi Library
904 ## - LOCAL DATA ELEMENT D, LDD (RLIN)
CATALOGER Akhil Bose
942 ## - ADDED ENTRY ELEMENTS (KOHA)
Item type Books
Holdings
Withdrawn status Lost status Source of classification or shelving scheme Damaged status Not for loan Collection code Permanent location Current location Shelving location Date acquired Source of acquisition Cost, normal purchase price Total Checkouts Full call number Barcode Date last seen Date last borrowed Koha item type
          Management Studies IMU Kochi Library IMU Kochi Library General Stacks 2025-10-22 M/s Technical Bureau India pvt ltd.(Inv. no. TB1923 dated 09.10.2025) 499.00 1 001.42 K8486 BK007085 2025-11-26 2025-11-21 Books
          Management Studies IMU Kochi Library IMU Kochi Library General Stacks 2025-10-22 M/s Technical Bureau India pvt ltd.(Inv. no. TB1923 dated 09.10.2025) 499.00 1 001.42 K8486 BK007086 2025-12-15 2025-11-21 Books
          Management Studies IMU Kochi Library IMU Kochi Library General Stacks 2025-10-22 M/s Technical Bureau India pvt ltd.(Inv. no. TB1923 dated 09.10.2025) 499.00 2 001.42 K8486 BK007087 2026-06-08 2026-06-05 Books
          Management Studies IMU Kochi Library IMU Kochi Library General Stacks 2025-10-22 M/s Technical Bureau India pvt ltd.(Inv. no. TB1923 dated 09.10.2025) 499.00   001.42 K8486 BK007088 2025-10-29   Books
          Management Studies IMU Kochi Library IMU Kochi Library General Stacks 2025-10-22 M/s Technical Bureau India pvt ltd.(Inv. no. TB1923 dated 09.10.2025) 499.00   001.42 K8486 BK007089 2025-10-29   Books


Copyright © All Rights Reserved by Indian Maritime University, Kochi Campus.
For any Suggestions/Query Contact to library or Email: library.kochi@imu.ac.in Ph:(0484)-2989402
(Web OPAC Designed by Rudra Ranjan. Maintained by IMU Kochi Library)

Powered by Koha